Podaj sąsiadów państw europejskich - Statystyki

Ogólne statystyki
  • Ten quiz został rozwiązany 37 razy
  • Średni wynik to 39 z 42
Statystyki odpowiedzi
Hint Odpowiedź % Poprawnych
Czarnogóra Albania, Bośnia i Hercegowina, Chorwacja, Kosowo, Serbia
97%
Francja Andora, Belgia, Hiszpania, Luksemburg, Monako, Niemcy, Szwajcaria, Włochy
97%
Hiszpania Andora, Francja, Portugalia
97%
Niemcy Austria, Belgia, Czechy, Dania, Francja, Holandia, Luksemburg, Polska, Szwajcaria
97%
Czechy Austria, Niemcy, Polska, Słowacja
97%
Luksemburg Belgia, Francja, Niemcy
97%
Holandia Belgia, Niemcy
97%
Łotwa Białoruś, Estonia, Litwa, Rosja
97%
Litwa Białoruś, Łotwa, Polska, Rosja
97%
Bośnia i Hercegowina Chorwacja, Czarnogóra, Serbia
97%
Austria Czechy, Liechtenstein, Niemcy, Słowacja, Słowenia, Szwajcaria, Węgry, Włochy
97%
Belgia Francja, Holandia, Luksemburg, Niemcy
97%
Bułgaria Grecja, Macedonia Północna, Rumunia, Serbia
97%
Białoruś Litwa, Łotwa, Polska, Rosja, Ukraina
97%
Macedonia Północna Albania, Bułgaria, Grecja, Kosowo, Serbia
94%
Grecja Albania, Bułgaria, Macedonia Północna, Turcja
94%
Kosowo Albania, Czarnogóra, Macedonia Północna, Serbia
94%
Słowenia Austria, Chorwacja, Węgry, Włochy
94%
Słowacja Austria, Czechy, Polska, Ukraina, Węgry
94%
Polska Białoruś, Czechy, Litwa, Niemcy, Rosja, Słowacja, Ukraina
94%
Ukraina Białoruś, Mołdawia, Polska, Rosja, Rumunia, Słowacja, Węgry
94%
Serbia Bośnia i Hercegowina, Bułgaria, Chorwacja, Czarnogóra, Kosowo, Macedonia Północna, Rumunia, Węgry
94%
Chorwacja Bośnia i Hercegowina, Czarnogóra, Serbia, Słowenia, Węgry
94%
Rumunia Bułgaria, Mołdawia, Serbia, Ukraina, Węgry
94%
Albania Czarnogóra, Grecja, Kosowo, Macedonia Północna
94%
Andora Francja, Hiszpania
94%
Portugalia Hiszpania
94%
Estonia Łotwa, Rosja
94%
Dania Niemcy
94%
Finlandia Norwegia, Rosja, Szwecja
94%
Mołdawia Rumunia, Ukraina
94%
Irlandia Wielka Brytania
94%
Węgry Austria, Chorwacja, Rumunia, Serbia, Słowacja, Słowenia, Ukraina
91%
Szwajcaria Austria, Francja, Liechtenstein, Niemcy, Włochy
91%
Włochy Austria, Francja, San Marino, Słowenia, Szwajcaria, Watykan
91%
Liechtenstein Austria, Szwajcaria
91%
Szwecja Finlandia, Norwegia
91%
Norwegia Finlandia, Szwecja
91%
Monako Francja
91%
San Marino Włochy
91%
Watykan Włochy
91%
Wielka Brytania Irlandia
88%
Nie znaleziono quizów pasujących do podanych kryteriów
Rozkład punktacji
Procent ludzi z każdym wynikiem
Percentyl według liczby udzielonych odpowiedzi
Twoja historia wyników
Nie rozwiązałeś tego quizu